<?xml version="1.0" encoding="UTF-8"?>
<marc:record xmlns:marc="http://www.loc.gov/MARC21/slim">
   <marc:leader>00000nam a2200000 a 4500</marc:leader>
   <marc:datafield ind1="1" ind2=" " tag="100">
      <marc:subfield code="a">Chapman, Linda</marc:subfield>
      <marc:subfield code="4">aut</marc:subfield>
      <marc:subfield code="e">Verfasser/-in</marc:subfield>
   </marc:datafield>
   <marc:datafield ind1=" " ind2=" " tag="653">
      <marc:subfield code="a">Antolin</marc:subfield>
   </marc:datafield>
   <marc:datafield ind1=" " ind2=" " tag="653">
      <marc:subfield code="a">Klasse-3</marc:subfield>
   </marc:datafield>
   <marc:datafield ind1="0" ind2="0" tag="245">
      <marc:subfield code="a">Funkelnder Wasserzauber</marc:subfield>
   </marc:datafield>
   <marc:datafield ind1=" " ind2="1" tag="264">
      <marc:subfield code="b">Franckh-Kosmos-Verl.</marc:subfield>
      <marc:subfield code="c">2013</marc:subfield>
   </marc:datafield>
   <marc:datafield ind1="1" ind2=" " tag="490">
      <marc:subfield code="a">Sternenschweif</marc:subfield>
   </marc:datafield>
   <marc:datafield ind1="1" ind2=" " tag="520">
      <marc:subfield code="a">Die Tiere des Waldes bitten Laura und Sternenschweif um Hilfe: Der Bach, der durch den Wald fließt, trocknet aus! Wo sollen sie bloß genug zu trinken finden? Hier kann nur noch Magie helfen. Doch Laura und ihr Einhorn kennen keinen Wasserzauber. Hilft ihnen das Kästchen mit der geheimnisvollen Münze weiter? Eine magische Geschichte mit viel Platz zum Träumen.</marc:subfield>
   </marc:datafield>
   <marc:datafield ind1=" " ind2=" " tag="020">
      <marc:subfield code="a">9783440137277</marc:subfield>
      <marc:subfield code="9">9783440137277</marc:subfield>
   </marc:datafield>
</marc:record>
